| 000 | 00447nam a2200169Ia 4500 | ||
|---|---|---|---|
| 005 | 20250508163331.0 | ||
| 008 | 008 250505s9999 xx 000 0 eng d | ||
| 037 | _aTextual | ||
| 040 |
_aFEDL _beng _cFEDL |
||
| 041 |
_aeng _2eng |
||
| 084 |
_a822, SHA _qFEDL |
||
| 100 |
_aPeat R C _9775147 |
||
| 245 | 0 | _aPresenting shakespeare : Written and arranged | |
| 300 | _a247p. | ||
| 942 |
_cTEXL _h822, SHA |
||
| 999 |
_c1382378 _d1382378 |
||